Die 15 größten Fußballstadien im Saarland - Statistiken

Allgemein
  • Dieses Quiz wurde 11 mal gespielt
  • Das Durchschnittsergebnis liegt bei 5 aus 15
Antwortstatistiken
Kapazität Stadion % Korrekt
16.003 Ludwigsparkstadion (Saarbrücken)
100%
18.000 Innova Home Ellenfeld-Stadion (Neunkirchen/Saar)
78%
16.488 Waldstadion (Homburg/Saar)
78%
9.307 Ursapharm-Arena an der Kaiserlinde (Spiesen-Elversberg)
56%
6.000 Parkstadion (Dillingen/Saar)
44%
12.000 Glückauf-Stadion (Ensdorf/Saar)
33%
7.500 Sportanlage Am Franzschacht - Fußballstadion (Freidrichsthal/Saar)
33%
8.265 Hermann-Neuberger-Stadion (Völklingen)
22%
12.000 Stadion Kieselhumes (Saarbrücken-St. Johann)
22%
7.000 Stadion Brennender Berg (Saarbrücken-Dudweiler)
11%
12.000 FC-Sportfeld (Saarbrücken)
0%
6.000 Mühlwald-Stadion (St. Ingbert)
0%
6.000 Schaumbergstadion (Tholey-Theley)
0%
5.500 Sportzentrum Roden-Nord (Saarlouis-Roden)
0%
7.000 Waldstadion Betzental (St. Ingbert)
0%
Keine übereinstimmenden Quizze gefunden
Verteilung der Resultate
Anzahl Personen mit jedem Resultat
Perzentil nach korrekt beantworteten Fragen
Ihre Resultats-Entwicklung
Sie haben dieses Quiz noch nicht gespielt